000 00584nam a2200193Ii 4500
003 JO-AjNU
008 230606s9999||||xx |||||||||||||| ||und||
040 _aJO-AjNU
_beng
_erda
_cJO-AjNU
041 _aeng
050 1 4 _aPN45.K44 1967
100 3 _aKermode, Frank ,
_eauthor
_95429
245 0 4 _athe Sense of an Ending : Stydies in the theory of Fiction
264 3 1 _aNew York :oxford University press ,1967
300 _a187p
336 _atext
_btxt
_2rdacontent
337 _aunmediated
_bn
_2rdamedia
338 _avolume
_bnc
_2rdacarrier
650 4 _aAmerican Drama. 
_95430
999 _aE2804
_c2802
_d2802